000
00283nam a22001217a 4500
082
_a
823
_b
THI/C
100
_a
THINDIATH, RAJANI
245
_a
COMICS GENIUS RAM WAEERKAR
260
_a
MUMBAI
_b
AMAR CHITHA KATHA
300
_a
72
650
_a
ENGLISH SHORT STORIES
_z
MUMBAI
942
_c
BK
999
_c
5170
_d
5170